000 00338nam a2200145Ia 4500
008 100122s9999 xx 000 0 und d
082 _b18153
_a546
100 _aMITRA LADIMOHAN
245 _aINORGIC CHEMISTRY
260 _bGHOSH &CO
300 _a747
630 _aINORGIC CHEMISTRY
730 _aINORGIC CHEMISTRY
942 _cBOOK
999 _c365563
_d365560